000 00199 a2200109 4500
020 _a013429907201
041 _aspa
100 _aDreams Art
245 _aLa generosidad
942 _cBK
952 _71
999 _c25378
_d25378